000 00636nam a2200241Ia 4500
003 OSt
005 20221007063412.0
006 a|||||r|||| 00| 0
007 ta
008 221006b |||||||| |||| 00| 0 eng d
024 _a29,076
037 _cTextual
040 _aFLL
_cFLL
_beng
041 _2eng
_aeng
082 _aZ73:94, H2
100 _aWigmore John Henry
_9684196
245 0 _aEvidence in trials at law
250 _a3rd
260 _aBoston
_bLittle, Brown and Company Boston
_c1942
300 _aliv,621p
_ccm.
942 _hZ73:94, H2
_cTEXL
_2CC
999 _c1131169
_d1131169